Normal view
MARC view
- Victor H.Vroom
Entry Personal Name
001 - CONTROL NUMBER
- control field: 6881
003 - CONTROL NUMBER IDENTIFIER
- control field: OSt
005 - DATE AND TIME OF LATEST TRANSACTION
- control field: 20170522153457.0
008 - FIXED-LENGTH DATA ELEMENTS
- fixed length control field: 170522|| aca||aabn | a|a d
040 ## - CATALOGING SOURCE
- Original cataloging agency: OSt
- Transcribing agency: OSt
100 ## - HEADING--PERSONAL NAME
- Personal name: Victor H.Vroom
670 ## - SOURCE DATA FOUND
- Source citation: Work cat.: (OSt): Victor H.Vroom, Management and Motivation, 1970

PORTAL AKMAL
E-MEL JKDM
AKMAL2U
G-BAM
u-PUSTAKA